Biggest Cities that end in O with a Map - Statistics

General Stats
  • This quiz has been taken 270 times
  • The average score is 24 of 30
Answers on the Map
Answers color-coded by a green-red scale on the quiz's map according to % correct below.
 
Answer Stats
Population City % Correct
40.5m Tokyo
100%
21.5m Cairo
99%
7.75m San Francisco
98%
3.50m Orlando
97%
1.55m Porto
97%
13.3m Rio de Janeiro
97%
7.80m Santiago
97%
7.65m Toronto
97%
9.65m Chicago
96%
22.6m São Paulo
96%
1.87m Montevideo
95%
3.33m San Diego
95%
2.78m Quito
94%
4.83m Colombo
93%
4.00m Santo Domingo
91%
2.25m San Antonio
88%
2.75m Antananarivo
87%
2.10m Sacramento
87%
2.50m Sapporo
84%
3.68m Bamako
82%
1.94m Aleppo
81%
2.35m Maputo
79%
4.85m Kano
76%
2.68m Maracaibo
66%
1.38m Rosario
66%
1.60m Davao
53%
6.25m Qingdao
50%
3.33m Ningbo
41%
3.60m Zibo
31%
1.50m Jiaozuo
6%
No matching quizzes found
Score Distribution
Percent of People with Each Score
Percentile by Number Answered
Your Score History
You have not taken this quiz